000 00390nam a2200157Ia 4500
003 0STCL
008 150530s9999 xx 000 0 und d
040 _aSTCL
_cSTCL
100 _aMahajan, V.D.
245 _aConstitutional development and the national movement in India
260 _bS.Chand
_c1986
546 _aEnglish
942 _2ddc
_cBK
999 _c71245
_d71245
005 20220125171450.0